书目信息 |
| 题名: |
e时代外贸英语
|
|
| 作者: | ;阿里巴巴 (中国) 网络技术有限公司 编著 | |
| 分册: | ||
| 出版信息: | 北京 世界图书出版公司北京公司 2007 |
|
| 页数: | 352页 | |
| 开本: | 26cm | |
| 丛书名: | ||
| 单 册: | ||
| 中图分类: | H31 | |
| 科图分类: | ||
| 主题词: | 对外贸易--英语 | |
| 电子资源: | ||
| ISBN: | 978-7-5062-9298-6 | |
| 000 | 01036nam0 2200229 45 | |
| 005 | 20100303155018.64 | |
| 010 | @a978-7-5062-9298-6@dCNY35.00 | |
| 100 | @a20100120e20092007em y0chiy0120 ea | |
| 101 | 1 | @achi@ceng |
| 102 | @aCN@b110000 | |
| 105 | @aa z 000yy | |
| 106 | @ar | |
| 200 | 1 | @ae时代外贸英语@Ae Shi Dai Wai Mao Ying Yu@dEnglish for foreign trade@f阿里巴巴 (中国) 网络技术有限公司编著@FA Li Ba Ba ( Zhong Guo ) Wang Luo Ji Shu You Xian Gong Si Bian Zhu@zeng |
| 210 | @a北京@c世界图书出版公司北京公司@d2007@h2009 | |
| 215 | @a352页@c图@d26cm | |
| 330 | @a本书编排以外贸操作流程为主线, 收录了大量外贸信函模板、常用网络贸易词汇、单证模板等内容, 为外贸从业人员在国际贸易中正确、规范地书写各种商务函电、填制各类贸易单据提供格式和样例参考。 | |
| 510 | 1 | @aEnglish for foreign trade@zeng |
| 606 | 0 | @a对外贸易@x英语 |
| 690 | @aH31@v4 | |
| 711 | 02 | @a阿里巴巴 (中国) 网络技术有限公司@AA Li Ba Ba ( Zhong Guo ) Wang Luo Ji Shu You Xian Gong Si@4编著 |
| 801 | 0 | @aCN@bTANGWEI@c20100303 |
| 905 | @b0584123-27@dH31@e1474@f5 | |
| e时代外贸英语=English for foreign trade/阿里巴巴 (中国) 网络技术有限公司编著.-北京:世界图书出版公司北京公司,2007(2009) |
| 352页:图;26cm |
| ISBN 978-7-5062-9298-6:CNY35.00 |
| 本书编排以外贸操作流程为主线, 收录了大量外贸信函模板、常用网络贸易词汇、单证模板等内容, 为外贸从业人员在国际贸易中正确、规范地书写各种商务函电、填制各类贸易单据提供格式和样例参考。 |
| ● |
| 相关链接 |
|
|
|
|
正题名:e时代外贸英语
索取号:H31/1474
 
预约/预借
| 序号 | 登录号 | 条形码 | 馆藏地/架位号 | 状态 | 备注 |
| 1 | 0584123 | 205841231 | 第二样本阅览室/ [索取号:H31/1474] | 在馆 | |
| 2 | 0584124 | 205841240 | 第四借阅区/ [索取号:H31/1474] | 在馆 | |
| 3 | 0584125 | 205841259 | 第四借阅区/ [索取号:H31/1474] | 在馆 | |
| 4 | 0584126 | 205841268 | 第四借阅区/ [索取号:H31/1474] | 在馆 | |
| 5 | 0584127 | 205841277 | 第四借阅区/ [索取号:H31/1474] | 在馆 |